Дифференциальное и интегральное исчисления: учебное пособие для втузов
| Main Author: | |
|---|---|
| Language: | Russian |
| Published: |
Москва, Наука, 1970-
|
| Edition: | 9-е изд. |
| Format: | Book |
| KOHA link: | https://koha.lib.tpu.ru/cgi-bin/koha/opac-detail.pl?biblionumber=52783 |
MARC
| LEADER | 00000nam1a2200000 4500 | ||
|---|---|---|---|
| 001 | 52783 | ||
| 005 | 20231031043033.0 | ||
| 035 | |a (RuTPU)RU\TPU\book\55328 | ||
| 035 | |a RU\TPU\book\55322 | ||
| 090 | |a 52783 | ||
| 100 | |a 20030606d1970 m y0rusy50 ca | ||
| 101 | 0 | |a rus | |
| 102 | |a RU | ||
| 200 | 1 | |a Дифференциальное и интегральное исчисления |e учебное пособие для втузов |f Н. С. Пискунов | |
| 205 | |a 9-е изд. | ||
| 210 | |a Москва |c Наука |d 1970- | ||
| 700 | 1 | |a Пискунов |b Н. С. |g Николай Семенович | |
| 801 | 1 | |a RU |b 63413507 |c 20030604 |g PSBO | |
| 801 | 2 | |a RU |b 63413507 |c 20030606 |g PSBO | |
| 942 | |c BK | ||